000 00222nam a2200097Ia 4500
008 190216s9999||||xx |||||||||||||| ||und||
100 _aSeton Maximan H
245 0 _aBarlasch Of The Guard
260 _bLongmans
942 _cBK
999 _c11725
_d11725